Normal view
MARC view
Entry Personal Name
001 - CONTROL NUMBER
- control field: 16686
003 - CONTROL NUMBER IDENTIFIER
- control field: ARRUPE
005 - DATE AND TIME OF LATEST TRANSACTION
- control field: 20150327112546.0
008 - FIXED-LENGTH DATA ELEMENTS
- fixed length control field: 150327|| aca||aabn | a|a d
040 ## - CATALOGING SOURCE
- Original cataloging agency: ARRUPE
- Transcribing agency: ARRUPE
100 ## - HEADING--PERSONAL NAME
- Personal name: Dikran Y. Hadidian (series general editor)
670 ## - SOURCE DATA FOUND
- Source citation: Work cat.: (ARRUPE): Bowman, J.(ed) 16683, Samaritan documents relating to thier history religion and life , 1977